| 000 | 00594nam a2200169 i 4500 | ||
|---|---|---|---|
| 001 | 109682 | ||
| 003 | ES-MaACL | ||
| 005 | 20230906184904.0 | ||
| 007 | t| | ||
| 008 | 061121s1931 po r ||||1| por d | ||
| 245 | 0 | 0 |
_aColonia de Moçambique, territoire de Manica et Safala _b: (sous l'administration de la `Companhia de Moçambique`) (Agriculture et Elevage). |
| 260 |
_aLisboa : _bSocièdade Nacional de Tipografia, _c1931. |
||
| 300 | _a18 p. | ||
| 651 | 4 |
_aMozambique. _9137265 |
|
| 711 | 2 |
_aExposition Coloniale Internationale ( _d1931. _cParis) _9163648 |
|
| 852 |
_aES-MaACL _j1817-F-16 |
||
| 999 |
_c109682 _d109682 |
||